NHL 26 X-Factors - Statistics

General Stats
  • This quiz has been taken 12 times
  • The average score is 11 of 28
Answer Stats
Answer Hint % Correct
Quick Release Offensive
67%
Tape to Tape Playmaker
67%
One-T Offensive
56%
Post To Post Goalie
56%
Rocket Offensive
56%
Stick Em Up Defensive
56%
Wheels Playmaker
56%
Elite Edges Playmaker
44%
Hipster Defensive
44%
Quick Pick Defensive
44%
Sponge Goalie
44%
Truculence Defensive
44%
Warrior Defensive
44%
Ankle Breaker Playmaker
33%
Backhand Beauty Offensive
33%
Big Rig Offensive
33%
No Contest Defensive
33%
Quick Draw Playmaker
33%
Second Wind Defensive
33%
Show Stopper Goalie
33%
Unstoppable Playmaker
33%
Born Leader Defensive
22%
Dialed In Goalie
22%
Pressure+ Offensive
22%
Recharge Goalie
22%
Spark Plug Defensive
22%
Big Tipper Offensive
11%
Send It Defensive
11%
No matching quizzes found
Score Distribution
Percent of People with Each Score
Percentile by Number Answered
Your Score History
You have not taken this quiz